MARC
| LEADER | 00000nam a2200000Ia 4500 | ||
|---|---|---|---|
| 008 | 170316s9999 xx 000 0 und d | ||
| 040 | |a cru BVZT | ||
| 090 | |a 818 T-1r | ||
| 100 | |a Taylor, Charles | ||
| 245 | |a Radical stories: The Conservative Tradition in Canada | ||
| 260 | |a Toronto, Canadá | ||
| 260 | |b Anansi | ||
| 260 | |c 1982 | ||
| 300 | |a 231 páginas | ||
| 650 | |a LITERATURA CANADIENSE | ||
| 999 | |c 6655 |d 6655 | ||
| 942 | |c 15 D |h 818 T-1r |2 z | ||
